00870nam a2200241 a 4500001001000000003000500010005001700015008004100032010001100073011001100084040000900095100002800104245012000132260004100252500006000293502008300353650002000436650002400456650002600480650002400506650002800530856007000558000112822CHAP20220329144323.0170111s2016 mx a fsm |||||||spa d a109283 a110255 cCHAP1 aGerman Vilchis, Gustavo10aDiversidad genética en colecciones nativas de maíz empleando SNP's /h[En línea]cpor Gustavo German Vilchis. aChapingo, Méx. :bEl autor,c2016. aPara ver el contenido del material haga clic en la liga aTesis (M.C. en Biotecnología Agrícola) -- UACH. Departamento de Fitotecnia14aMaíz criollo.14aMaízxGenética.14aMaízxMejoramiento.14aMaízxVariedades.14aMarcadores genéticos. aFinding aiduhttp://10.13.5.2/tesis/sist112822.pdfzTeclea aquí